Sign Spelling Slip-Ups Quiz Stats

Quiz Updated Jun 9, 2015

Challenge
Share
Tweet
Score 0/24 Timer 06:00
3 Plays Today
% Correct
Hair
98.9%
Fined
98.8%
Beer
98.5%
Bear
95.3%
Board
94.9%
They're
93.9%
Peers
93%
Handle
91.5%
Principal
89.8%
Plums
89.2%
Flu
88.8%
Bazaar
88.7%
% Correct
Break
86.2%
Allowed
86.2%
Than
86%
Mail
85.8%
Sewing
85.2%
Wrapping
84.9%
Dual
84.1%
Stationery
74.2%
Bridle
72%
Chute
64.2%
Complements
62.7%
Berthing
61%

You're not logged in!

Compare scores with friends on all Sporcle quizzes.
Join for Free
OR
Log In

You Might Also Like...

Show Comments

Extras

Top Quizzes Today


Score Distribution

Your Account Isn't Verified!

In order to create a playlist on Sporcle, you need to verify the email address you used during registration. Go to your Sporcle Settings to finish the process.

Report this User

Report this user for behavior that violates our Community Guidelines.

Details: